000 00398cam a22001337a 4500
008 180718b1933 xxu||||| |||| 00| 0 eng d
082 _aAB2x54 H413
100 _aHeras, H.
245 _aThe conversion policy of the Jesuits in India
_cby H. Heras
260 _aBombay
_bIndian Historical Res. Inst.
_c1933
300 _a79p.
650 _aJesuits - Missions - India
650 _aChristianity - India
999 _c368202
_d368202